| LEADER | 00883nam a2200265 a 4500 | ||
|---|---|---|---|
| 003 | AR-BeUNQ | ||
| 005 | 20220701103052.0 | ||
| 008 | 220621s2016 ag od 000 0 spa d | ||
| 999 | |c 35069 |d 118869 | ||
| 020 | |a 9789872363307 | ||
| 040 | |a AR-BeUNQ |b spa |c AR-BeUNQ |e aacr | ||
| 041 | |h spa | ||
| 044 | |a ag | ||
| 082 | |a 658.5 |2 21 | ||
| 245 | 0 | 4 | |a Los costos ocultos y contingentes de la actividad logística / |c Cámara Empresarios de Operadores Logísticos |
| 260 | |a Buenos Aires : |b CEDOL, |c 2016. | ||
| 300 | |a 104 p. : |b fot. byn, gráficos ; |c 24 cm. | ||
| 500 | |a Incluye referencias. | ||
| 650 | 7 | |a Empresas |2 spines | |
| 650 | 7 | |a Logística |2 spines | |
| 650 | 7 | |a Gestión |2 spines | |
| 651 | 7 | |a Argentina |2 spines | |
| 710 | 1 | |a Cámara Empresaria de Operadores Logísticos (Argentina) | |
| 929 | |a DONACION |b Jorge Bonnin |d 300,00E |e 20160527 |f PAT0062848 |g 3075 |h 1 |j 59913 | ||
| 942 | |c LIB |n 0 | ||